Amtrak Station Codes - Medium - Statistics

General Stats
  • This quiz has been taken 36 times
  • The average score is 9 of 15
Answer Stats
Hint Answer % Correct
CIN Cincinnati
97%
PVD Providence
90%
LAF Lafayette
77%
SAV Savannah
77%
TXA Texarkana
74%
TRE Trenton
74%
PGH Pittsburgh
68%
UCA Utica
61%
OKJ Oakland
55%
PRO Provo
52%
BTN Burlington
35%
DER Dearborn
35%
LSE La Crosse
29%
CHM Champaign
26%
FBG Fredericksburg
19%
No matching quizzes found
Score Distribution
Percent of People with Each Score
Percentile by Number Answered
Your Score History
You have not taken this quiz